Statistiques concernant Ville côtière ou de l'intérieur des terres?

Cliquez ici pour prendre le quiz!

Statistiques générales

  • Ce quiz a été pris 66 fois
  • Le résultat moyen est 26 sur 35

Statistiques - réponses

QuestionRéponse% Correct
DubaiOui
100%
SingapourOui
98%
SydneyOui
98%
RiyadNon
97%
Rio de JaneiroOui
97%
Oulan-BatorNon
94%
AvignonNon
94%
Los AngelesOui
94%
ShanghaiOui
94%
ValenciaOui
91%
PyongyangNon
89%
PékinNon
86%
RotterdamOui
86%
PoznańNon
84%
Panama CityOui
84%
MelbourneOui
80%
La MecqueNon
77%
RomeNon
77%
RostovNon
75%
HoustonNon
75%
CasablancaOui
75%
MarrakechNon
72%
SévilleNon
72%
AucklandOui
72%
IzmirOui
69%
MontpellierNon
64%
LibrevilleOui
63%
AmsterdamOui
63%
KarachiOui
55%
La HayeOui
52%
São PauloNon
47%
DammamOui
42%
CaracasNon
39%
ArlesOui
31%
FukushimaNon
9%

Distribution des résultats

Percentile par nombre de réponses

% des personnes avec chaque résultat

Votre développement - résultats

Vous n’avez pas pris ce quiz